00242nam a22000977a 4500008004100000041000800041080000800049100000700057101000800064245007200072181102b xxu||||| |||| 00| 0 eng d aeng a370 a49 aEDU aThink Critical And Logic Skills For Everyday LifecJudith.AB